000 00637nam a22002297a 4500
003 UA-OsUOA
001 49937
007 ta
008 20071015b un ||||| |||| 00| 0 ukr d
100 _aШвед М.
090 _a271.5+523.6
_bШ34
942 _cBK
040 _aUA-OsUOA
_bukr
_cUA-OsUOA
_dUA-OsUOA
245 _aВасиліянський монастир св. Онуфрія у Лаврові
300 _a109 с.
955 _a3
041 _aukr
080 _a271.5+523.6
260 _aЛьвів
_c2007
650 7 _a27 Загальна історія Християнської церкви
_2UDC
999 _c336038
_d336038